David Gemmell Bibliography - Statistics

General Stats
  • This quiz has been taken 18 times
  • The average score is 15 of 38
Answer Stats
Type Year Name % Correct
Novel 1984 Legend
80%
Novel 1999 Sword in the Storm
70%
Novel 1986 Waylander
70%
Novel 1992 Waylander II: In the Realm of the Wolf
70%
Novel 2003 White Wolf
70%
Novel 1995 Ironhand's Daughter
60%
Novel 1997 Echoes of the Great Song
50%
Novel 1990 Lion of Macedon
50%
Novel 1992 Morningstar
50%
Novel 2001 Ravenheart
50%
Novel 1985 The King Beyond the Gate
50%
Novel 1996 The Legend of Deathwalker
50%
Novel 1997 Winter Warriors
50%
Novel 1994 Bloodstone
40%
Novel 1996 Dark Moon
40%
Novel 1991 Dark Prince
40%
Novel 1988 Last Sword of Power
40%
Novel 2000 Midnight Falcon
40%
Novel 2002 Stormrider
40%
Novel 1993 The First Chronicles of Druss the Legend
40%
Novel 1995 The Hawk Eternal
40%
Novel 1989 The Last Guardian
40%
Novel 1987 Wolf in Shadow
40%
Omnibus 2001 Drenai Tales Volume I
30%
Omnibus 2002 Drenai Tales Volume II
30%
Omnibus 2002 Drenai Tales Volume III
30%
Novel 1988 Ghost King
30%
Novel 2000 Hero in the Shadows
30%
Novel 1989 Knights of Dark Renown
30%
Novel 1990 Quest for Lost Heroes
30%
Novel 2017 Rhyming Rings
30%
Novel 2005 Troy: Lord of the Silver Bow
30%
Novel 2006 Troy: Shield of Thunder
30%
Novel 1993 White Knight, Black Swan
30%
Novel 2004 The Swords of Day and Night
10%
Novel 2007 Troy: Fall of Kings
10%
Omnibus 1992 Stones of Power: A Sipstrassi Omnibus
0%
Omnibus 1995 The Complete Chronicles of the Jerusalem Man
0%
No matching quizzes found
Score Distribution
Percent of People with Each Score
Percentile by Number Answered
Your Score History
You have not taken this quiz